000 00433nam a2200181Ia 4500
001 24508
005 20260414151048.0
008 260414t2005||||xx |||||||||||||| ||spa||
041 _aESP
082 _a345.71
_bS55
100 _aSilva, Ovidio A. Baptista da
_eAUT
245 0 _aJurisdicción y ejecución
_b
260 _c2005
300 _a363 páginas :
_ccm.
650 _aDER
654 _aCDE
942 _cLIB
_dJUS
_fJUS
_2ddc
_n
999 _c24508
_d24508